Participació, govern i oposició
Descripción Física:
167 p. ; 24 cm
Colección:
Quaderns d'estudis socials ; 4
MARC
| LEADER | 00000nam a2200000Ia 4500 | ||
|---|---|---|---|
| 001 | 2276 | ||
| 008 | 160829s1983 xx 000 0 cat d | ||
| 080 | |a M-2-78 | ||
| 245 | |a Participació, govern i oposició | ||
| 260 | |a Barcelona : |b Diputació de Barcelona : |b Institut de Ciències Socials, |c 1983 | ||
| 300 | |a 167 p. ; |c 24 cm | ||
| 490 | |a Quaderns d'estudis socials ; 4 | ||
| 650 | 0 | |a Democràcia |9 27773 | |
| 650 | |a Oposició (Ciències polítiques) |9 32938 | ||
| 650 | |a Partits polítics |9 32939 | ||
| 710 | 1 | |a Barcelona (Catalunya : Província). |b Diputació |9 52408 | |
| 710 | 2 | |a Institut de Ciències Polítiques i Socials (Barcelona, Catalunya) |9 55871 | |
| 901 | |a Arxiu | ||
| 942 | |n 1 | ||
| 952 | |0 0 |1 0 |4 0 |6 M278 |7 1 |9 46152 |a Arxiu |b Arxiu |d 2016-12-01 |l 0 |o M-2-78 |p 2276 |r 2016-12-01 00:00:00 |w 2016-12-01 |y ARXIU | ||
| 999 | |c 49654 |d 49654 | ||